| 000 | 00593pam a2200217 i 4500 | ||
|---|---|---|---|
| 001 | 2298773 | ||
| 005 | 20251121185318.0 | ||
| 008 | 800623s1980 laua b 001 0 eng | ||
| 020 |
_a0882892738 (pbk.) : _c$6.96 |
||
| 020 | _a9780882892733 | ||
| 050 | 0 | 0 |
_aTH4819.E27 _bW35 1980 |
| 082 | 0 | 0 | _a690/.8 |
| 100 | 1 | _aWampler, Louis. | |
| 245 | 1 | 0 |
_aUnderground homes / _cLouis Wampler. |
| 250 | _aRev. ed. | ||
| 260 |
_aGretna, La. : _bPelican Pub. Co., _c1980. |
||
| 300 |
_a121 p. : _bill. ; _c22 cm. |
||
| 500 | _aIncludes index. | ||
| 650 | 0 | _aEarth sheltered houses. | |
| 942 |
_2lcc _cBK _n0 |
||
| 999 |
_c8319 _d8319 |
||